000
00314nam a2200133Ia 4500
082
_a
612
_b
T99H
100
_a
TANDAN,H.C.
245
_a
TEXT BOOK OF PHYSIOLOGY FOR DENTAL STUDENTS
250
_a
4TH
260
_b
JAYPEE MEDICAL PUBLISHER
_a
DELHI
_c
1999
300
_a
1-252
650
_a
PHYSIOLOGY
942
_2
ddc
_c
BK
999
_c
2485
_d
2485